Les jeux vidéos les plus vendus chaque année en France - Statistiques

Statistiques générales
  • Ce quiz a été pris 2 808 fois
    415 depuis la dernière actualisation
  • Le résultat moyen est 25 sur 47
Statistiques - réponses
Années Editeur Jeu % Correct
2013, 2014, 2015, 2016, 2024 Take-Two Grand Theft Auto V
82%
2023, 2024 Electronic Arts EA Sports FC 24
77%
2024 Electronic Arts EA Sports FC 25
77%
2013 Electronic Arts FIFA 14
77%
2014, 2015 Electronic Arts FIFA 15
77%
2016 Electronic Arts FIFA 17
77%
2017 Electronic Arts FIFA 18
77%
2018 Electronic Arts FIFA 19
77%
2019 Electronic Arts FIFA 20
77%
2020 Electronic Arts FIFA 21
77%
2021 Electronic Arts FIFA 22
77%
2022 Electronic Arts FIFA 23
77%
2015 Electronic Arts FIFA 16
77%
2024 Activision Blizzard Call of Duty : Black Ops 6
72%
2014 Activision Blizzard Call of Duty : Advanced Warfare
72%
2015 Activision Blizzard Call of Duty : Black Ops III
72%
2018 Activision Blizzard Call of Duty : Black Ops IIII
72%
2013 Activision Blizzard Call of Duty : Ghosts
72%
2016 Activision Blizzard Call of Duty : Infinite Warfare
72%
2019 Activision Blizzard Call of Duty : Modern Warfare
72%
2023 Activision Blizzard Call of Duty : Modern Warfare III
72%
2022 Activision Blizzard Call of Duty : Modern Warfare II
72%
2017 Activision Blizzard Call of Duty : WWII
72%
2015 Microsoft Minecraft
69%
2017, 2018, 2019, 2020, 2021, 2022, 2024 Nintendo Mario Kart 8 : Deluxe
68%
2017 Nintendo The Legend of Zelda : Breath of The Wild
53%
2023 Nintendo The Legend of Zelda : Tears of the Kingdom
53%
2022 Nintendo Légendes Pokémon : Arceus
40%
2021 Nintendo Pokémon Diamant Etincelant et Perle Scintillante
40%
2013 Nintendo Pokémon X et Y
40%
2022 Nintendo Pokémon Ecarlate et Violet
40%
2019 Nintendo Pokémon Epée et Bouclier
40%
2014 Nintendo Pokémon Saphir Alpha et Rubis Omega
40%
2016 Nintendo Pokémon Soleil et Lune
40%
2020, 2021 Nintendo Animal Crossing : New Horizons
35%
2020 Ubisoft Assassin's Creed : Valhalla
35%
2017 Ubisoft Assassin's Creed : Origins
35%
2016 Electronic Arts Battlefield 1
33%
2018 Take-Two Red Dead Redemption II
32%
2019 Nintendo New Super Mario Bros. U : Deluxe
30%
2021 Nintendo Super Mario 3D World
30%
2020 Sony The Last of Us : Part. II
27%
2018 Nintendo Super Mario Party
17%
2013 Ubisoft Just Dance 2014
5%
2014 Ubisoft Watch Dogs
5%
2023, 2024 Warner Bros Hogwarts Legacy
4%
2023 Nintendo Super Mario Bros. Wonder
0%
Aucun quiz correspondant
Distribution des résultats
% des personnes avec chaque résultat
Percentile par nombre de réponses
Votre historique - résultats
Vous n’avez pas pris ce quiz depuis la dernière actualisation